Prevádzková páka v manažmente obežného majetku

Prevádzková páka je významným ukazovateľom determinujúcim citlivosť podniku na konjunkturálne zmeny. Tento ukazovateľ nepriamo vyjadruje aj vzťah fixných a variabilných nákladov. Podniky, ktoré majú v portovnaní s fixnými nákladmi väčší objem celkových variabilných nákladov, sú menej citlivé na zmen...

Full description

Saved in:
Bibliographic Details
Main Author: Nagy, Ladislav
Format: Book Chapter
Language:Slovak
Subjects:
Tags: Add Tag
No Tags, Be the first to tag this record!

MARC

LEADER 00000naa$a2200000$$$4500
001 0210058
005 20240502073509.7
041 0 |a slo 
044 |a SK 
245 1 0 |a Prevádzková páka v manažmente obežného majetku  |c Ladislav Nagy 
520 |a Prevádzková páka je významným ukazovateľom determinujúcim citlivosť podniku na konjunkturálne zmeny. Tento ukazovateľ nepriamo vyjadruje aj vzťah fixných a variabilných nákladov. Podniky, ktoré majú v portovnaní s fixnými nákladmi väčší objem celkových variabilných nákladov, sú menej citlivé na zmeny ekonomického prostredia. 
610 2 0 |a financie podnikové 
610 2 0 |a citlivosť 
610 2 0 |a ukazovatele 
610 2 0 |a náklady fixné 
610 2 0 |a náklady variabilné 
610 2 0 |a majetok obežný 
100 1 |a Nagy, Ladislav